00485nam a2200169Ia 450000500170000000800410001702000180005808200130007610000150008924500390010426000250014330000130016850000180018194200060019995200950020599900150030020241203025323.0240331s9999 xx 000 0 und d a9780349116754 bSMIa823 aSmith, A.M 4aThe no. 1 ladies' detective agency aLondonbAbacusc1998 a250 p ., aShort Stories cL 001040708LaWERCLbWERCLcSSCd2024-03-31l0o 823 SMIp6401r2024-03-31w2024-03-31yL c4449d4449